| 000 | 00402nam a2200157Ia 4500 | ||
|---|---|---|---|
| 008 | 230718s9999 xx 000 0 und d | ||
| 041 | _aeng | ||
| 082 |
_a372.6 _bMOH |
||
| 100 | _aMohan K. | ||
| 245 | _aDeveloping Communication Skills | ||
| 260 |
_c2004 _bMacmillan |
||
| 300 | _a295 | ||
| 365 |
_cRs. _b135.00 |
||
| 700 | _aMohan K. & Banerjee M. | ||
| 906 |
_dB:366/14.07.200428-Aug-2005 _cOTH _b27 |
||
| 999 |
_c307883 _d307883 |
||